Cities on the Pan-American Highway Map - Statistics

General Stats
  • This quiz has been taken 347 times
    335 since last reset
  • The average score is 21 of 32
Answers on the Map
Answers color-coded by a green-red scale on the quiz's map according to % correct below.
 
Answer Stats
City % Correct
Mexico City
95%
Lima
93%
Dallas
91%
Panama City
90%
Santiago
90%
Buenos Aires
89%
Denver
88%
Quito
87%
Minneapolis
86%
El Paso
83%
Guatemala City
83%
Edmonton
81%
Calgary
79%
San Jose
79%
San Salvador
78%
Albuquerque
77%
San Antonio
75%
Managua
73%
Fairbanks
68%
Medellin
67%
Monterrey
65%
Billings
60%
Cali
59%
Whitehorse
50%
Laredo
49%
Ushuaia
45%
Valparaiso
45%
Antofagasta
28%
Prudhoe Bay
27%
Yaviza
14%
Turbo
12%
Quellon
8%
No matching quizzes found
Score Distribution
Percent of People with Each Score
Percentile by Number Answered
Your Score History
You have not taken this quiz since the last reset